সৈয়দ মুজতবা আলী রচনাবলী / (Record no. 10429)
[ view plain ]
| 000 -LEADER | |
|---|---|
| fixed length control field | 00827nam a22002177a 4500 |
| 001 - CONTROL NUMBER | |
| control field | BD-DhSAU 10429 |
| 003 - CONTROL NUMBER IDENTIFIER | |
| control field | BD-DhSAU |
| 005 - DATE AND TIME OF LATEST TRANSACTION | |
| control field | 20150627133500.0 |
| 008 - FIXED-LENGTH DATA ELEMENTS--GENERAL INFORMATION | |
| fixed length control field | 150625b1381 ii |||||r|||| 00| 0 ben d |
| 040 ## - CATALOGING SOURCE | |
| Original cataloging agency | BD-DhSAU |
| 082 ## - DEWEY DECIMAL CLASSIFICATION NUMBER | |
| Edition number | 22 |
| Classification number | ... |
| Item number | সৈয়দ |
| 245 ## - TITLE STATEMENT | |
| Title | সৈয়দ মুজতবা আলী রচনাবলী / |
| Statement of responsibility, etc. | সম্পাদক গজেন্দ্রকুমার মিত্র |
| 250 ## - EDITION STATEMENT | |
| Edition statement | ৩য় খন্ড |
| 260 ## - PUBLICATION, DISTRIBUTION, ETC. (IMPRINT) | |
| Place of publication, distribution, etc. | কলকাতা : |
| Name of publisher, distributor, etc. | মিত্র ও ঘোষ পাবলিশার্স, |
| Date of publication, distribution, etc. | ১৩৮১. |
| 300 ## - PHYSICAL DESCRIPTION | |
| Extent | ৩৯৪ পৃ. : |
| Dimensions | ২১ সেমি। |
| 590 ## - Name of Cataloguer | |
| Name of Cataloger | Jerin |
| 650 ## - SUBJECT ADDED ENTRY--TOPICAL TERM | |
| Topical term or geographic name as entry element | Bengal literature. |
| 650 ## - SUBJECT ADDED ENTRY--TOPICAL TERM | |
| Topical term or geographic name as entry element | রচনাবলী |
| 700 ## - ADDED ENTRY--PERSONAL NAME | |
| Personal name | মিত্র, গজেন্দ্রকুমার |
| 942 ## - ADDED ENTRY ELEMENTS (KOHA) | |
| Source of classification or shelving scheme | Dewey Decimal Classification |
| Koha item type | Book |
| Withdrawn status | Lost status | Source of classification or shelving scheme | Damaged status | Not for loan | Collection code | Home library | Branch Name | Shelving location | Date acquired | Total Checkouts | Full call number | Barcode | Date last seen | Price effective from | Koha item type |
|---|---|---|---|---|---|---|---|---|---|---|---|---|---|---|---|
| Dewey Decimal Classification | Not For Loan | Reference | SAU Library | SAU Library | Reference | 25/06/1992 | ... সৈয়দ | 21589 | 27/06/2015 | 27/06/2015 | Book |
